[Event "2BLW 2122 SC Hansa Dortmund - SF Neuber"]
[Site "?"]
[Date "2022.03.05"]
[Round "1.5"]
[White "Schaffer, Hendrik"]
[Black "Sundorf, Jannik"]
[Result "1/2-1/2"]
[WhiteElo "2256"]
[BlackElo "2205"]
[PlyCount "37"]
[EventDate "2022.??.??"]

1. d4 Nf6 2. c4 e6 3. g3 d5 4. Nf3 dxc4 5. Bg2 Bd7 6. Qc2 Bc6 7. Qxc4 Bd5 8.
Qa4+ Qd7 9. Qxd7+ Nbxd7 10. Nc3 c6 11. Bf4 Bb4 12. O-O Ke7 13. Rfc1 Rhc8 14. a3
Bd6 15. Bg5 h6 16. Bd2 Ne4 17. Nxd5+ cxd5 18. Rxc8 Rxc8 19. Rc1 1/2-1/2

[Event "2BLW 2122 SC Hansa Dortmund - SF Neuber"]
[Site "?"]
[Date "2022.03.05"]
[Round "1.7"]
[White "Bethke, Robert"]
[Black "Zelt, Jens"]
[Result "0-1"]
[WhiteElo "2074"]
[BlackElo "2073"]
[PlyCount "142"]
[EventDate "2022.??.??"]

1. c4 e5 2. Nc3 d6 3. g3 c6 4. d4 Nd7 5. Bg2 Be7 6. e3 Ngf6 7. Nge2 O-O 8. O-O
Qc7 9. b3 Re8 10. Bb2 Nf8 11. Qc2 Bd7 12. Rad1 Rad8 13. Rfe1 Ng6 14. Qb1 Qc8
15. a3 Bh3 16. Bh1 h5 17. dxe5 dxe5 18. Ne4 Nh7 19. f3 Bf5 20. N2c3 Ng5 21. Bg2
a5 22. f4 exf4 23. exf4 Bc5+ 24. Kh1 Nxe4 25. Nxe4 Bf8 26. Qa1 h4 27. Ng5 hxg3
28. hxg3 Rxe1+ 29. Rxe1 Rd3 30. Kh2 Rxb3 31. Rd1 Qc7 32. Rd2 Qe7 33. Qd1 Qe3
34. Bf3 Rd3 35. Bc1 f6 36. Rxd3 Qxd3 37. Qxd3 Bxd3 38. Ne6 Bxc4 39. Nd8 Ba6 40.
Bh5 Kh7 41. Ne6 Be7 42. Bg4 Kg8 43. Nc7 Bc4 44. Bc8 Bd6 45. Ne8 Bb8 46. Bxb7
Bd5 47. Bd2 Kf7 48. Nxg7 Kxg7 49. Bxa5 Nf8 50. Bc8 Ne6 51. Bb6 Nc7 52. a4 Bb3
53. a5 Bc4 54. Kg2 Na6 55. Kf3 Bd6 56. g4 Kg6 57. Bb7 Nb4 58. Bc8 Bd3 59. f5+
Kf7 60. Ke3 c5 61. Bd8 Bc4 62. Bd7 Be5 63. g5 fxg5 64. Bxg5 Bc7 65. Kd2 Bxa5
66. Kc3 Bd5 67. Be3 Nc6+ 68. Kb2 Nd4 69. Bc8 Kf6 70. Bd7 Ke5 71. Bg1 c4 0-1

[Event "2BLW 2122 SC Hansa Dortmund - SF Neuber"]
[Site "?"]
[Date "2022.03.05"]
[Round "1.8"]
[White "Hillebrand, Carsten"]
[Black "Drill, Frank"]
[Result "1/2-1/2"]
[WhiteElo "1993"]
[BlackElo "2025"]
[PlyCount "32"]
[EventDate "2022.??.??"]

1. d4 d6 2. g3 c6 3. Bg2 Nf6 4. Nf3 Bg4 5. c4 Nbd7 6. h3 Bh5 7. O-O e5 8. dxe5
dxe5 9. Nc3 h6 10. Be3 Qc7 11. a3 Bc5 12. Qc1 a5 13. Na4 Be7 14. Re1 O-O 15.
Nh2 Rfe8 16. b3 Rac8 1/2-1/2

[Event "2BLW 2122 SC Remagen Sinzig - SK Münst"]
[Site "?"]
[Date "2022.03.06"]
[Round "2.1"]
[White "Holtel, Jasper"]
[Black "Chatalbashev, Boris"]
[Result "0-1"]
[WhiteElo "2351"]
[BlackElo "2515"]
[PlyCount "72"]
[EventDate "2022.??.??"]

1. Nf3 g6 2. g3 Bg7 3. Bg2 e5 4. c4 c5 5. Nc3 Nc6 6. O-O Nge7 7. a3 O-O 8. Rb1
a5 9. Ne1 d6 10. Nc2 Be6 11. Ne3 Rb8 12. d3 Qd7 13. Ned5 Bh3 14. Nxe7+ Nxe7 15.
Bxh3 Qxh3 16. b4 axb4 17. axb4 b6 18. Bg5 f6 19. Bd2 h5 20. Qa4 h4 21. bxc5
hxg3 22. fxg3 dxc5 23. Qa7 Qe6 24. e4 Qd6 25. Nd5 Nxd5 26. cxd5 f5 27. Be3 f4
28. Bf2 Bh6 29. Kg2 f3+ 30. Kh1 Bd2 31. Qa3 Qd7 32. g4 Bf4 33. Kg1 Qh7 34. h4
Bg5 35. Rb2 Bxh4 36. Bxh4 f2+ 0-1

[Event "2BLW 2122 SC Remagen Sinzig - SK Münst"]
[Site "?"]
[Date "2022.03.06"]
[Round "2.2"]
[White "Cyborowski, Lukasz"]
[Black "Webb, Laurence E"]
[Result "1-0"]
[WhiteElo "2495"]
[BlackElo "2104"]
[PlyCount "83"]
[EventDate "2022.??.??"]

1. Nf3 Nf6 2. c4 g6 3. Nc3 Bg7 4. g3 O-O 5. Bg2 d6 6. O-O e5 7. d3 Nc6 8. Rb1
a5 9. a3 h6 10. b4 axb4 11. axb4 Re8 12. b5 Nd4 13. Nd2 Rb8 14. Ra1 Bd7 15. Ra7
c6 16. e3 Ne6 17. bxc6 Bxc6 18. Nd5 Nc5 19. Nxf6+ Bxf6 20. Bxc6 bxc6 21. Ba3
Qb6 22. Bxc5 dxc5 23. Qa4 Bg7 24. Rb1 Qd8 25. Rxb8 Qxb8 26. Qxc6 Qxa7 27. Qxe8+
Kh7 28. Ne4 f5 29. Nd6 Bf6 30. Qc6 Bg7 31. Kg2 Bf8 32. Ne8 Qe7 33. Nf6+ Kg7 34.
Nd5 Qd6 35. Qe8 h5 36. h3 Kg8 37. f4 exf4 38. Nxf4 Kh7 39. Ne6 Bh6 40. Qf7+ Kh8
41. Qf6+ Kh7 42. Ng5+ 1-0

[Event "2BLW 2122 SC Remagen Sinzig - SK Münst"]
[Site "?"]
[Date "2022.03.06"]
[Round "2.3"]
[White "Ortmeier, Leonhard"]
[Black "Dgebuadze, Alexandre"]
[Result "0-1"]
[WhiteElo "2225"]
[BlackElo "2459"]
[PlyCount "52"]
[EventDate "2022.??.??"]

1. Nf3 Nf6 2. g3 e6 3. Bg2 d5 4. O-O g6 5. b3 Bg7 6. Bb2 c5 7. e3 Nc6 8. c4 O-O
9. Qe2 d4 10. exd4 cxd4 11. d3 Re8 12. Ne5 Nxe5 13. Qxe5 Nd7 14. Qe2 e5 15. Re1
Nc5 16. Ba3 Qc7 17. b4 Na4 18. Qc2 Bd7 19. b5 Bxb5 20. Nd2 Bc6 21. Bxc6 Qxc6
22. Ne4 b6 23. Rab1 Rad8 24. Rb4 Nc3 25. Nxc3 dxc3 26. Rb3 e4 0-1

[Event "2BLW 2122 SC Remagen Sinzig - SK Münst"]
[Site "?"]
[Date "2022.03.06"]
[Round "2.4"]
[White "Jaracz, Pawel"]
[Black "Wolter, Kai"]
[Result "1-0"]
[WhiteElo "2463"]
[BlackElo "2283"]
[PlyCount "81"]
[EventDate "2022.??.??"]

1. e4 c5 2. Nf3 e6 3. d4 cxd4 4. Nxd4 Nc6 5. Nc3 Qc7 6. Be2 a6 7. O-O Nf6 8.
Be3 Be7 9. f4 d6 10. Kh1 O-O 11. Qe1 Bd7 12. Qg3 b5 13. Bd3 b4 14. Nce2 d5 15.
e5 Ne4 16. Qf3 f6 17. exf6 Nxf6 18. Nxc6 Qxc6 19. Bd4 Rf7 20. Qe3 Raf8 21. Be5
Ne4 22. Nd4 Qb7 23. Qe2 a5 24. Rae1 Bh4 25. Bxe4 dxe4 26. Qxe4 Qa6 27. Rd1 Be7
28. Rf3 Bf6 29. Bxf6 Rxf6 30. Qe5 Bc8 31. h3 Bb7 32. Rg3 g6 33. Kh2 Qc4 34. Re1
Bc8 35. Rf3 Qxa2 36. b3 Qb2 37. Qc5 Bb7 38. Rfe3 Rxf4 39. Nxe6 Rf2 40. R3e2 Rc8
41. Qxf2 1-0

[Event "2BLW 2122 SC Remagen Sinzig - SK Münst"]
[Site "?"]
[Date "2022.03.06"]
[Round "2.5"]
[White "Schmitzer, Klaus"]
[Black "Cioara, Andrei-Nestor"]
[Result "1/2-1/2"]
[WhiteElo "2243"]
[BlackElo "2411"]
[PlyCount "90"]
[EventDate "2022.??.??"]

1. e4 d5 2. exd5 Nf6 3. Nc3 Nxd5 4. Bc4 Nb6 5. Bb3 Nc6 6. Qf3 e6 7. Qg3 Qd6 8.
Nb5 Qxg3 9. hxg3 Kd8 10. Nf3 Be7 11. d3 a6 12. Nc3 Na5 13. Bd2 Nxb3 14. axb3 h6
15. g4 Rg8 16. g5 hxg5 17. Nxg5 f6 18. Nge4 Bd7 19. O-O-O Nd5 20. Rh5 Be8 21.
Rh3 Bf7 22. d4 Kd7 23. Ne2 b6 24. c4 Nb4 25. d5 exd5 26. Bxb4 Bxb4 27. N2c3
Rad8 28. Nxd5 Bxd5 29. Rxd5+ Ke6 30. Rhd3 Rxd5 31. Rxd5 Rh8 32. g4 c6 33. Rd3
Ke5 34. Ng3 Kf4 35. Nh5+ Kg5 36. Nxg7 Rh1+ 37. Kc2 Kxg4 38. Rg3+ Kf4 39. Ne6+
Ke5 40. Re3+ Kd6 41. Nf4 Bc5 42. Re6+ Kd7 43. Rxf6 Bxf2 44. Ne2 Rh2 45. Kd3 Rh8
1/2-1/2

[Event "2BLW 2122 SC Remagen Sinzig - SK Münst"]
[Site "?"]
[Date "2022.03.06"]
[Round "2.6"]
[White "Polaczek, Richard"]
[Black "Chilla, Jan Eric"]
[Result "1/2-1/2"]
[WhiteElo "2360"]
[BlackElo "2231"]
[PlyCount "67"]
[EventDate "2022.??.??"]

1. d4 Nf6 2. Nf3 e6 3. c4 d5 4. Nc3 a6 5. cxd5 exd5 6. Bg5 Be6 7. e3 Nbd7 8.
Bd3 h6 9. Bh4 g5 10. Bg3 Nh5 11. Be5 Ng7 12. h3 Nxe5 13. Nxe5 Bd6 14. O-O c6
15. Qe2 h5 16. f4 gxf4 17. exf4 Qb6 18. Qf2 Nf5 19. Bxf5 Bxf5 20. Rad1 h4 21.
Rfe1 Kf8 22. Na4 Qc7 23. Nc5 Kg7 24. Re3 Rag8 25. Rf1 Kf8 26. Qe2 Qc8 27. Re1
Bxc5 28. dxc5 Be4 29. Rxe4 dxe4 30. Qxe4 Qxh3 31. Nxf7 Qxg2+ 32. Qxg2 Rxg2+ 33.
Kxg2 Kxf7 34. Kh3 1/2-1/2

[Event "2BLW 2122 SC Remagen Sinzig - SK Münst"]
[Site "?"]
[Date "2022.03.06"]
[Round "2.7"]
[White "Kamp, Christoph"]
[Black "Huhndorf, Arnold"]
[Result "1/2-1/2"]
[WhiteElo "2272"]
[BlackElo "2203"]
[PlyCount "60"]
[EventDate "2022.??.??"]

1. c4 g6 2. Nc3 Bg7 3. d4 c5 4. d5 Nf6 5. e4 d6 6. Bd3 O-O 7. h3 e6 8. Nf3 Na6
9. O-O Nc7 10. Re1 Rb8 11. a4 e5 12. Bd2 Na6 13. Nb5 Ra8 14. Qb3 Ne8 15. Qa3 f5
16. Rad1 f4 17. Be2 g5 18. Nh2 Nf6 19. Ng4 Nxe4 20. Bf3 Nxd2 21. Rxd2 Rf7 22.
Nh2 Bf8 23. Nc3 Rg7 24. Qb3 Be7 25. Ne4 Nc7 26. Qd1 Ne8 27. Bg4 Nf6 28. Rd3
Nxg4 29. hxg4 h5 30. Rh3 h4 1/2-1/2

[Event "2BLW 2122 SC Remagen Sinzig - SK Münst"]
[Site "?"]
[Date "2022.03.06"]
[Round "2.8"]
[White "Kathstede, Gerd"]
[Black "Rott, Georg"]
[Result "0-1"]
[WhiteElo "1987"]
[BlackElo "2149"]
[PlyCount "134"]
[EventDate "2022.??.??"]

1. c4 e6 2. e4 d5 3. cxd5 exd5 4. exd5 Nf6 5. Bb5+ Nbd7 6. Nc3 a6 7. Bc4 Bd6 8.
Nf3 O-O 9. O-O Nb6 10. Bb3 Bg4 11. h3 Bh5 12. d4 Be7 13. Re1 h6 14. Bf4 Rc8 15.
g4 Bg6 16. Ne5 Bh7 17. Qf3 Bb4 18. g5 hxg5 19. Bxg5 Bxc3 20. bxc3 Nbxd5 21. c4
Nb6 22. Ng4 Nbd7 23. Qxb7 c6 24. Rad1 Qa5 25. Bxf6 Rc7 26. Qxc7 Qxc7 27. Be7
Rb8 28. c5 Re8 29. Bd6 Qd8 30. Bc4 Bf5 31. d5 Rxe1+ 32. Rxe1 cxd5 33. Bxd5 Bxg4
34. hxg4 Nxc5 35. Rd1 Qc8 36. Bf3 Ne4 37. Be7 Nd2 38. Rxd2 Qe6 39. Re2 Qc4 40.
Kg2 Qf4 41. Re4 Qc7 42. g5 Qd7 43. a4 Qf5 44. Rb4 f6 45. gxf6 gxf6 46. Bd6 Kf7
47. Bg3 Qa5 48. Rd4 Ke6 49. Re4+ Kf7 50. Rf4 Qg5 51. Bb7 a5 52. Be4 Ke6 53. Rf5
Qd2 54. Rb5 Qc3 55. Bf5+ Ke7 56. Rb7+ Kd8 57. Bc7+ Ke8 58. Bg6+ Kf8 59. Bd6+
Kg8 60. Be4 Qd4 61. Bh7+ Kh8 62. Rb5 Qxd6 63. Bf5 Qc7 64. Be4 Qc4 65. Rh5+ Kg7
66. Rh7+ Kg8 67. Rh4 f5 0-1

[Event "2BLW 2122 SG Porz - SG Bochum"]
[Site "?"]
[Date "2022.03.06"]
[Round "2.1"]
[White "Kotainy, Jens"]
[Black "Lutz, Christopher"]
[Result "1/2-1/2"]
[WhiteElo "2444"]
[BlackElo "2537"]
[PlyCount "49"]
[EventDate "2022.??.??"]

1. e4 c5 2. c3 Nf6 3. e5 Nd5 4. Nf3 e6 5. Bc4 Nb6 6. Bb3 c4 7. Bc2 d6 8. exd6
Qxd6 9. Qe2 Nc6 10. b3 cxb3 11. axb3 Be7 12. d4 O-O 13. O-O Re8 14. Ne5 Nxe5
15. dxe5 Qc7 16. Qe4 g6 17. c4 Bd7 18. Bf4 Bc6 19. Qe3 a5 20. Nc3 a4 21. bxa4
Nxc4 22. Qd4 Nb6 23. Ne4 Bxe4 24. Qxe4 Nd5 25. Bh6 1/2-1/2

[Event "2BLW 2122 SG Porz - SG Bochum"]
[Site "?"]
[Date "2022.03.06"]
[Round "2.2"]
[White "Xu, Xianliang"]
[Black "Schlawin, Marlon"]
[Result "1/2-1/2"]
[WhiteElo "2440"]
[BlackElo "2319"]
[PlyCount "57"]
[EventDate "2022.??.??"]

1. e4 Nf6 2. e5 Nd5 3. c4 Nb6 4. c5 Nd5 5. Bc4 e6 6. d4 d6 7. cxd6 cxd6 8. Nf3
Nc6 9. O-O Nb6 10. Bd3 dxe5 11. dxe5 Nb4 12. Be4 Qxd1 13. Rxd1 Bd7 14. Bxb7 Nc2
15. Bxa8 Nxa8 16. Ne1 Nxa1 17. Be3 Bb4 18. Nc3 Nb6 19. Rxa1 O-O 20. Ne4 Nd5 21.
a3 Bxe1 22. Rxe1 a5 23. Bc5 Rb8 24. b4 axb4 25. axb4 Nxb4 26. Bd6 Rb6 27. Bc5
Rb8 28. Bd6 Rb6 29. Bc5 1/2-1/2

[Event "2BLW 2122 SG Porz - SG Bochum"]
[Site "?"]
[Date "2022.03.06"]
[Round "2.3"]
[White "Tkachuk, Konstantyn"]
[Black "Rotstein, Arkadij"]
[Result "0-1"]
[WhiteElo "2275"]
[BlackElo "2455"]
[PlyCount "44"]
[EventDate "2022.??.??"]

1. e4 c5 2. c4 Nc6 3. Nc3 g6 4. Nge2 Bg7 5. d3 e6 6. g3 Nge7 7. Bg2 b6 8. Be3
Nd4 9. Bxd4 cxd4 10. Nb5 Nc6 11. f4 O-O 12. e5 f6 13. Nexd4 fxe5 14. Nxc6 dxc6
15. Bxc6 Bd7 16. Bxd7 Qxd7 17. fxe5 Qc6 18. Rg1 Qc5 19. Rg2 Rf5 20. Nd6 Qxe5+
21. Ne4 Raf8 22. Qe2 Qc5 0-1

[Event "2BLW 2122 SG Porz - SG Bochum"]
[Site "?"]
[Date "2022.03.06"]
[Round "2.4"]
[White "Suvorov, Alexander"]
[Black "Werthebach, Felix"]
[Result "1-0"]
[WhiteElo "2357"]
[BlackElo "2220"]
[PlyCount "83"]
[EventDate "2022.??.??"]

1. d4 f5 2. Bg5 g6 3. Nc3 Bg7 4. e3 Nf6 5. h4 h6 6. Bxf6 Bxf6 7. Qf3 e6 8. g4
Qe7 9. Nge2 Nc6 10. Nf4 Rg8 11. gxf5 gxf5 12. Bc4 Rg4 13. O-O-O d5 14. Bb5 Bd7
15. Rdg1 O-O-O 16. Bxc6 bxc6 17. Rxg4 fxg4 18. Qe2 Qb4 19. Nd3 Qc4 20. Qxg4 e5
21. Qg6 exd4 22. Qxf6 dxc3 23. Qxc3 Qxa2 24. Kd2 Bf5 25. Nb4 d4 26. Nxa2 dxc3+
27. Kxc3 Rg8 28. Nb4 Be4 29. Rh3 Rg2 30. Kd4 Rg4 31. f4 Bf5 32. Rh2 Bd7 33. Nd3
Rg1 34. e4 Kd8 35. f5 Ke7 36. Ke5 c5 37. Nxc5 Bc6 38. Nd3 Rg4 39. Re2 Rg1 40.
Re1 Rg2 41. c3 Ke8 42. Kf6 1-0

[Event "2BLW 2122 SG Porz - SG Bochum"]
[Site "?"]
[Date "2022.03.06"]
[Round "2.6"]
[White "Braun, Christian"]
[Black "Tkachuk, Sergij"]
[Result "0-1"]
[WhiteElo "2417"]
[BlackElo "2224"]
[PlyCount "84"]
[EventDate "2022.??.??"]

1. e4 c5 2. Nf3 d6 3. d3 Nc6 4. g3 g6 5. Bg2 Bg7 6. O-O e5 7. c3 Nge7 8. a3 O-O
9. b4 b6 10. Re1 h6 11. Nbd2 Be6 12. b5 Na5 13. c4 Qd7 14. Nb1 Bg4 15. Ra2 Nb7
16. Nc3 Nd8 17. Be3 Ne6 18. h3 Bxf3 19. Bxf3 Nd4 20. Bg2 Rab8 21. a4 f5 22.
exf5 Ndxf5 23. Bc1 Kh7 24. a5 e4 25. Nxe4 d5 26. cxd5 Nxd5 27. axb6 axb6 28. h4
Nd4 29. h5 g5 30. Bd2 Rbd8 31. Nc3 Nb4 32. Ra6 Nxd3 33. Rf1 g4 34. Be4+ Kh8 35.
Kg2 Nf3 36. Bxh6 Bxh6 37. Rxb6 Bg7 38. Nd5 Nb4 39. Ne3 Nd2 40. h6 Bc3 41. Rb7
Qe6 42. Bb1 Nxf1 0-1

[Event "2BLW 2122 SG Porz - SG Bochum"]
[Site "?"]
[Date "2022.03.06"]
[Round "2.7"]
[White "Backwinkel, Paul"]
[Black "Malykin, Vitaly"]
[Result "1/2-1/2"]
[WhiteElo "2297"]
[BlackElo "2338"]
[PlyCount "58"]
[EventDate "2022.??.??"]

1. d4 g6 2. e4 Bg7 3. Nf3 d6 4. c3 Nf6 5. Nbd2 O-O 6. Bd3 Nc6 7. O-O e5 8. dxe5
Nxe5 9. Nxe5 dxe5 10. Nf3 Qe7 11. h3 b6 12. Re1 h6 13. a4 a5 14. b3 Rd8 15. Qc2
Nh5 16. Bf1 Qf6 17. Kh2 Nf4 18. Ng1 Bb7 19. Be3 Bf8 20. f3 h5 21. Bc4 Bd6 22.
Ne2 Ne6 23. Bxe6 Qxe6 24. c4 Bb4 25. Red1 Qe7 26. Rxd8+ Rxd8 27. Rd1 Rxd1 28.
Qxd1 Kg7 29. Bc1 Bc6 1/2-1/2

[Event "2BLW 2122 SV Koblenz - SC Heimbach-Weis"]
[Site "?"]
[Date "2022.03.06"]
[Round "2.1"]
[White "Livaic, Leon"]
[Black "Feller, Sebastien"]
[Result "1/2-1/2"]
[WhiteElo "2563"]
[BlackElo "2572"]
[PlyCount "57"]
[EventDate "2022.??.??"]

1. d4 d5 2. Nc3 Nf6 3. Bf4 e6 4. Nb5 Na6 5. e3 Be7 6. Bd3 O-O 7. Nf3 c6 8. Nc3
Nb4 9. h3 c5 10. dxc5 Bxc5 11. O-O b6 12. a3 Nxd3 13. cxd3 Bb7 14. Qa4 a6 15.
d4 Be7 16. Rfc1 Rc8 17. Ne5 b5 18. Qd1 Nd7 19. Na2 Nxe5 20. Bxe5 Qd7 21. Nb4 f6
22. Bg3 Rc4 23. Nd3 Rfc8 24. b4 Rxc1 25. Rxc1 Rc4 26. Nb2 Rc6 27. Nd3 Rc4 28.
Nb2 Rc6 29. Nd3 1/2-1/2

[Event "2BLW 2122 SV Koblenz - SC Heimbach-Weis"]
[Site "?"]
[Date "2022.03.06"]
[Round "2.2"]
[White "Balog, Imre"]
[Black "Michalik, Peter"]
[Result "1/2-1/2"]
[WhiteElo "2578"]
[BlackElo "2585"]
[PlyCount "54"]
[EventDate "2022.??.??"]

1. d4 d5 2. Nf3 Nf6 3. c4 e6 4. Nc3 a6 5. cxd5 exd5 6. Bg5 Be6 7. Qb3 Nbd7 8.
e3 Bd6 9. Bxf6 Qxf6 10. Bd3 Rb8 11. Qc2 h6 12. a3 O-O 13. b4 c6 14. O-O Rfe8
15. Rfe1 Qd8 16. Bh7+ Kh8 17. Bf5 Nb6 18. Bxe6 Rxe6 19. e4 dxe4 20. Nxe4 Nd5
21. g3 Kg8 22. Nc5 Bxc5 23. bxc5 Nc7 24. Qf5 Rf6 25. Qe4 Re6 26. Qf5 Rf6 27.
Qe4 Re6 1/2-1/2

[Event "2BLW 2122 SV Koblenz - SC Heimbach-Weis"]
[Site "?"]
[Date "2022.03.06"]
[Round "2.3"]
[White "Polak, Tomas"]
[Black "Seul, Georg"]
[Result "1/2-1/2"]
[WhiteElo "2527"]
[BlackElo "2377"]
[PlyCount "83"]
[EventDate "2022.??.??"]

1. d4 Nf6 2. c4 e6 3. Nf3 Bb4+ 4. Bd2 c5 5. Bxb4 cxb4 6. g3 b6 7. Bg2 Bb7 8.
O-O a5 9. Nbd2 O-O 10. Re1 d6 11. Rc1 Qe7 12. Nf1 Na6 13. Ne3 g6 14. Qa4 Rac8
15. Qb5 Nd7 16. Qa4 Bc6 17. Qc2 Nf6 18. Qd2 Bb7 19. h3 Ne4 20. Qd3 f5 21. Nf1
Nf6 22. Qe3 Rce8 23. Red1 Qc7 24. a3 e5 25. dxe5 dxe5 26. axb4 axb4 27. Qh6 Nc5
28. Ne3 Bxf3 29. Bxf3 e4 30. Bg2 Qe5 31. Rc2 Rd8 32. Bf1 Rxd1 33. Nxd1 Rd8 34.
Rd2 Rd6 35. Qe3 Qe6 36. Qf4 Rd7 37. Rxd7 Nfxd7 38. Ne3 Qe5 39. Qg5 Qf6 40. Qxf6
Nxf6 41. Nc2 b3 42. Nd4 1/2-1/2

[Event "2BLW 2122 SV Koblenz - SC Heimbach-Weis"]
[Site "?"]
[Date "2022.03.06"]
[Round "2.4"]
[White "Schenderowitsch, Michael"]
[Black "Winterberg, Lukas"]
[Result "1/2-1/2"]
[WhiteElo "2334"]
[BlackElo "2381"]
[PlyCount "47"]
[EventDate "2022.??.??"]

1. d4 Nf6 2. c4 e6 3. Nf3 Ne4 4. Qc2 f5 5. Nfd2 d5 6. e3 Bd6 7. c5 Be7 8. f3
Bh4+ 9. g3 Nxd2 10. Bxd2 Bf6 11. Bc3 O-O 12. Nd2 b6 13. b4 a5 14. a3 axb4 15.
axb4 Rxa1+ 16. Bxa1 Nc6 17. Qb1 bxc5 18. bxc5 f4 19. gxf4 Bh4+ 20. Kd1 Bd7 21.
Bd3 Qa8 22. Bc3 Rb8 23. Qc1 Ne7 24. Ke2 1/2-1/2

[Event "2BLW 2122 SV Koblenz - SC Heimbach-Weis"]
[Site "?"]
[Date "2022.03.06"]
[Round "2.5"]
[White "Schulz, Klaus-Juergen"]
[Black "Fritsche, Lutz"]
[Result "0-1"]
[WhiteElo "2329"]
[BlackElo "2304"]
[PlyCount "70"]
[EventDate "2022.??.??"]

1. d4 e6 2. Nf3 f5 3. g3 Nf6 4. Bg2 d5 5. O-O Bd6 6. c4 c6 7. b3 Qe7 8. Bf4
Bxf4 9. gxf4 O-O 10. Ne5 b6 11. Nd2 a5 12. Rc1 Bb7 13. Ndf3 Na6 14. Nd3 c5 15.
dxc5 bxc5 16. cxd5 exd5 17. Nfe5 Ne4 18. f3 Nf6 19. Qd2 a4 20. Rfe1 Rfd8 21. e3
axb3 22. axb3 Qd6 23. Qa5 Rdc8 24. Qc3 Qb6 25. Bh3 g6 26. Kf2 Qd8 27. Bxf5 gxf5
28. Rg1+ Kf8 29. Nd7+ Nxd7 30. Qg7+ Ke8 31. Ne5 Nxe5 32. Qxe5+ Kd7 33. Rg7+ Kc6
34. Re7 Kb6 35. Rg1 Nb4 0-1

[Event "2BLW 2122 SV Koblenz - SC Heimbach-Weis"]
[Site "?"]
[Date "2022.03.06"]
[Round "2.6"]
[White "Hammes, Michael"]
[Black "Ronge, Tim"]
[Result "1/2-1/2"]
[WhiteElo "2338"]
[BlackElo "2185"]
[PlyCount "77"]
[EventDate "2022.??.??"]

1. d4 d5 2. c4 c6 3. Nf3 Nf6 4. Nc3 e6 5. Bg5 Nbd7 6. cxd5 exd5 7. e3 Be7 8.
Bd3 h6 9. Bf4 O-O 10. h3 Re8 11. Qc2 Nb6 12. O-O Be6 13. Bh2 Bd6 14. Be5 Rc8
15. Rae1 a6 16. Qb3 Bxe5 17. Nxe5 c5 18. dxc5 Rxc5 19. Qb4 Qc7 20. Nf3 Nc4 21.
Na4 Rb5 22. Qc3 Ne4 23. Qd4 Rb4 24. b3 Qa5 25. Qa1 Ned2 26. Nd4 Nxf1 27. Bxf1
Nd2 28. Rd1 Ne4 29. a3 Rxa4 30. bxa4 Rc8 31. Rc1 Rxc1 32. Qxc1 Bd7 33. Bd3 Nc5
34. Bc2 Bxa4 35. Bxa4 Nxa4 36. Qc8+ Kh7 37. Qf5+ Kg8 38. Qc8+ Kh7 39. Qf5+
1/2-1/2

[Event "2BLW 2122 SV Koblenz - SC Heimbach-Weis"]
[Site "?"]
[Date "2022.03.06"]
[Round "2.7"]
[White "Puth, Dieter"]
[Black "Stewart, Neil"]
[Result "0-1"]
[WhiteElo "2234"]
[BlackElo "2235"]
[PlyCount "59"]
[EventDate "2022.??.??"]

1. d4 d5 2. c4 dxc4 3. Nf3 Nf6 4. e3 e6 5. Bxc4 a6 6. O-O b5 7. Bb3 Bb7 8. a4
Nbd7 9. Qe2 c5 10. Nbd2 Qb8 11. Bc2 Bd6 12. dxc5 Bxc5 13. Nb3 Bd6 14. h3 Bd5
15. Rd1 O-O 16. e4 Bc4 17. Qe1 bxa4 18. Na5 Bb4 19. Bd2 Bxd2 20. Rxd2 Bb5 21.
Bxa4 Ne5 22. Nd4 Qb6 23. Bxb5 axb5 24. b4 Nc4 25. Rdd1 g6 26. Kh2 Rfd8 27. e5
Rxd4 28. Nxc4 Rxa1 29. Rxa1 Rxc4 30. exf6 0-1

[Event "2BLW 2122 SV Koblenz - SC Heimbach-Weis"]
[Site "?"]
[Date "2022.03.06"]
[Round "2.8"]
[White "Steinacker, Alex"]
[Black "Fink, Christian"]
[Result "1-0"]
[WhiteElo "2283"]
[BlackElo "2152"]
[PlyCount "55"]
[EventDate "2022.??.??"]

1. g3 g6 2. Bg2 Bg7 3. Nf3 c5 4. O-O Nc6 5. d3 d6 6. c4 Nf6 7. Nc3 O-O 8. Rb1
Bd7 9. a3 a5 10. Bd2 h6 11. h3 Kh7 12. Ne1 Qc8 13. Kh2 Nd4 14. e3 Ne6 15. f4
Bc6 16. Nd5 Bxd5 17. cxd5 Nc7 18. e4 b5 19. Nf3 Nd7 20. g4 Qa6 21. Qe1 b4 22.
Qh4 Rae8 23. axb4 cxb4 24. Rbc1 Nb5 25. f5 Ne5 26. Nxe5 Bxe5+ 27. Kh1 Rh8 28.
fxg6+ 1-0

[Event "2BLW 2122 SV 1920 Hofheim - SC Hansa Do"]
[Site "?"]
[Date "2022.03.06"]
[Round "2.1"]
[White "Klyuner, Vyacheslav"]
[Black "Bernadskiy, Vitaliy"]
[Result "0-1"]
[WhiteElo "2441"]
[BlackElo "2606"]
[PlyCount "146"]
[EventDate "2022.??.??"]

1. e4 e6 2. d3 c5 3. Nf3 Nc6 4. g3 g6 5. Bg2 Bg7 6. O-O Nge7 7. c3 O-O 8. Nbd2
d6 9. a4 b6 10. Re1 e5 11. Nc4 h6 12. Bd2 Be6 13. b4 Qd7 14. b5 Nd8 15. Ne3 Rb8
16. d4 exd4 17. cxd4 cxd4 18. Nc2 Bg4 19. Ra3 Rc8 20. Bc1 Rc4 21. Bf1 Rc3 22.
Rxc3 dxc3 23. Ne3 Bxf3 24. Qxf3 Ne6 25. Qd1 Nd4 26. Nc2 Nxc2 27. Qxc2 Rc8 28.
Rd1 Qe6 29. Ba3 Rd8 30. Bb4 g5 31. Qd3 Qb3 32. Rb1 Qxa4 33. Bxc3 Bxc3 34. Qxc3
Qxe4 35. Re1 Nd5 36. Qa1 Qf5 37. Qxa7 Rc8 38. Bg2 Rc2 39. Rf1 Kg7 40. Bxd5 Qxd5
41. Qxb6 Rc5 42. Qa5 Rxb5 43. Qa4 Qe5 44. h4 Rd5 45. hxg5 hxg5 46. Qg4 Qe6 47.
Qf3 Re5 48. Qc3 Kg6 49. Rd1 d5 50. Qd3+ Qf5 51. Qd4 Re2 52. Rc1 Qf3 53. Rf1 f6
54. Qc5 Re8 55. Qc2+ Qf5 56. Qc3 Rc8 57. Qb3 d4 58. Rd1 Rd8 59. Qd3 Qxd3 60.
Rxd3 Kf5 61. f3 Ke5 62. Kf2 Kd5 63. Ke2 Ra8 64. Rb3 Kc4 65. Rb6 Ra2+ 66. Ke1
Kd3 67. Rb3+ Kc2 68. Rb6 Ra1+ 69. Kf2 d3 70. Rc6+ Kd1 71. Rxf6 d2 72. g4 Kc2
73. Rc6+ Kb3 0-1

[Event "2BLW 2122 SV 1920 Hofheim - SC Hansa Do"]
[Site "?"]
[Date "2022.03.06"]
[Round "2.2"]
[White "Womacka, Mathias"]
[Black "Scholz, Christian"]
[Result "1-0"]
[WhiteElo "2425"]
[BlackElo "2362"]
[PlyCount "115"]
[EventDate "2022.??.??"]

1. e4 c5 2. Nf3 d6 3. d4 cxd4 4. Nxd4 Nf6 5. Nc3 a6 6. Be3 e5 7. Nb3 Be6 8. h3
Be7 9. f4 exf4 10. Bxf4 Nc6 11. Qe2 O-O 12. O-O-O Bxb3 13. cxb3 Qa5 14. Kb1
Rfe8 15. g4 Bf8 16. Bg2 d5 17. e5 Rad8 18. Qd2 Bb4 19. exf6 d4 20. Bxc6 dxc3
21. Qc2 bxc6 22. bxc3 Bxc3 23. Bc7 Qxc7 24. Qxc3 a5 25. fxg7 a4 26. Rxd8 Rxd8
27. Rc1 axb3 28. axb3 Rd6 29. Re1 Qd7 30. Kc2 f6 31. Rf1 Qxg7 32. Qc4+ Kh8 33.
Qf4 Qe7 34. Rf2 Kg7 35. Rd2 Re6 36. Qf5 Re5 37. Rd7 Rxf5 38. Rxe7+ Kf8 39. Rxh7
Rc5+ 40. Kd3 Rc1 41. Kd4 Rb1 42. Kc4 Rc1+ 43. Kb4 Ke8 44. Rc7 Rc2 45. h4 Kd8
46. Rg7 Rh2 47. h5 f5 48. Kc5 fxg4 49. Kxc6 Rc2+ 50. Kb7 Rh2 51. Rxg4 Rxh5 52.
Rd4+ Ke7 53. b4 Rg5 54. Kc6 Rg6+ 55. Kc7 Rg5 56. Re4+ Kf7 57. Kb6 Rg6+ 58. Ka5
1-0

[Event "2BLW 2122 SV 1920 Hofheim - SC Hansa Do"]
[Site "?"]
[Date "2022.03.06"]
[Round "2.3"]
[White "Kotter, Ralf"]
[Black "Zude, Arno"]
[Result "1/2-1/2"]
[WhiteElo "2345"]
[BlackElo "2373"]
[PlyCount "89"]
[EventDate "2022.??.??"]

1. e4 e5 2. Nf3 Nc6 3. Bc4 Bc5 4. c3 Nf6 5. d3 d6 6. Bb3 h6 7. h3 a6 8. O-O O-O
9. Re1 Re8 10. Nbd2 Ba7 11. Nf1 Be6 12. Ne3 Qd7 13. Nh4 Bxb3 14. axb3 g6 15.
Qf3 Nh7 16. Nd5 h5 17. b4 Re6 18. Qg3 Kh8 19. Nf3 Ne7 20. Ng5 Nxg5 21. Qxg5 Ng8
22. Be3 Bxe3 23. Nxe3 Rae8 24. g4 hxg4 25. hxg4 Qe7 26. Qxe7 Nxe7 27. Kg2 c6
28. Nc4 Kg7 29. Na5 Rb8 30. Rh1 Ng8 31. f3 Nf6 32. Kf2 Re7 33. Ke2 Rd8 34. Nb3
Rh8 35. Ke3 Rxh1 36. Rxh1 Nd7 37. Na5 Nf8 38. d4 exd4+ 39. Kxd4 Ne6+ 40. Kd3 g5
41. Nc4 Nf4+ 42. Kd4 Re6 43. Ne3 Ne2+ 44. Kd3 Nf4+ 45. Kd4 1/2-1/2